00716njm a22002057a 450000500170000000800410001704100080005810000140006624500270008026000150010726000220012226000090014430000130015330000180016650502560018465000150044065000210045565000220047665000120049820220720143208.0190129b xxu||||| |||| 00| 0 spa d aspa aTico, Ray aRay Tico y su música aCosta Rica bMar Music Records c2007 a1 CD-ROM a51:17 minutos a1. Puerto Limón. 2. Amor y felicidad. 3. Saben de donde vengo yo? 4. Eso es imposible. 5. Solo para recordar. 6. No me dejes. 7. Habana. 8. Salinas Ecuador. 9. Mi niña. 10. Dondequiera que tú estés. 11. Dominicana. 12. Una noche en Costa Rica. aCOSTA RICA aMÚSICA POPULAR aMÚSICA TROPICAL aLIMÓN